[Event "BCF-ch U14"]
[Site "Aberystwyth"]
[Date "2014.07.30"]
[Round "5"]
[White "Dalton, Joseph"]
[Black "Forster, Matthew"]
[Result "1-0"]
[WhiteElo "174"]
[BlackElo "141"]
[PlyCount "146"]
[EventDate "2014.07.27"]
[EventType "swiss"]
[EventRounds "7"]
[EventCountry "WLS"]
[SourceTitle "EXT 2017"]
[Source "ChessBase"]
[SourceDate "2016.10.25"]
[SourceVersion "1"]
[SourceVersionDate "2016.10.25"]
[SourceQuality "1"]

1. d4 c5 2. c3 cxd4 3. cxd4 Nf6 4. Nf3 d5 5. Nc3 Nc6 6. g3 a6 7. Bg2 Bf5 8. 0-0 e6 9. Nh4 Bg6 10. b3 Be7 11. Bg5 0-0 12. Nxg6 hxg6 13. e3 Rc8 14. Bxf6 Bxf6 15. Rc1 Qa5 16. Na4 Be7 17. Qe2 Rc7 18. Nc5 Rfc8 19. Bh3 Bxc5 20. Rxc5 Qb6 21. Rfc1 Ne7 22. b4 Rxc5 23. bxc5 Qb4 24. Qd3 Qa5 25. Rb1 Rc7 26. Qb3 Nc6 27. Bf1 Nb8 28. a3 Nd7 29. Qb4 Qxb4 30. axb4 Kf8 31. b5 axb5 32. Bxb5 Ke7 33. Ra1 b6 34. Bxd7 Kxd7 35. cxb6 Rb7 36. Ra8 Kc6 37. Rg8 f6 38. Kg2 Re7 39. Rb8 Rb7 40. Rc8+ Kd7 41. Rg8 Kc6 42. f4 Re7 43. Rb8 Rb7 44. Rg8 Kd6 45. Kf3 e5 46. Rd8+ Ke6 47. fxe5 Rxb6 48. h4 Rb5 49. Rd6+ Ke7 50. Kf4 Kf7 51. Rd7+ Kg8 52. g4 fxe5+ 53. Kxe5 Rb3 54. Kf4 Rb5 55. Rc7 Rb6 56. Rc5 Rf6+ 57. Ke5 Rf3 58. Rc3 Kf7 59. Kxd5 Rg3 60. Rc7+ Kf8 61. g5 Rxe3 62. Kd6 Re4 63. Rc8+ Kf7 64. d5 Rxh4 65. Rc7+ Kf8 66. Re7 Ra4 67. Rc7 Re4 68. Kc6 Re1 69. d6 Rc1+ 70. Kb7 Rb1+ 71. Kc8 Ra1 72. Rb7 Rc1+ 73. Kd8 Ra1 1-0

[Event "BCF-ch Week2 PM op"]
[Site "Aberystwyth"]
[Date "2014.07.29"]
[Round "2"]
[White "Dalton, Joseph"]
[Black "Bansal, Rohan"]
[Result "1/2-1/2"]
[WhiteElo "1617"]
[BlackElo "1846"]
[PlyCount "57"]
[EventDate "2014.07.28"]
[EventType "swiss"]
[EventRounds "5"]
[EventCountry "WLS"]
[SourceTitle "EXT 2017"]
[Source "ChessBase"]
[SourceDate "2016.10.25"]
[SourceVersion "1"]
[SourceVersionDate "2016.10.25"]
[SourceQuality "1"]

1. d4 e6 2. Nf3 Nf6 3. e3 c5 4. Bd3 b6 5. 0-0 Bb7 6. b3 Be7 7. Bb2 0-0 8. Nbd2 cxd4 9. exd4 d6 10. c4 Nbd7 11. Rc1 Re8 12. Re1 Bf8 13. b4 a6 14. Qb3 Rb8 15. Ne4 Nxe4 16. Bxe4 Bxe4 17. Rxe4 Nf6 18. Re2 Be7 19. Qa3 Qd7 20. Rec2 Rec8 21. Qe3 h6 22. Qe2 Qa4 23. a3 a5 24. b5 Rc7 25. Qd3 Rbc8 26. g3 d5 27. Ne5 dxc4 28. Rxc4 Rxc4 29. Rxc4 1/2-1/2

[Event "BCF-ch U14"]
[Site "Aberystwyth"]
[Date "2014.07.28"]
[Round "3"]
[White "Dalton, Joseph"]
[Black "Boswell, Jacob Connor"]
[Result "1-0"]
[WhiteElo "174"]
[BlackElo "144"]
[PlyCount "38"]
[EventDate "2014.07.27"]
[EventType "swiss"]
[EventRounds "7"]
[EventCountry "WLS"]
[SourceTitle "EXT 2017"]
[Source "ChessBase"]
[SourceDate "2016.10.25"]
[SourceVersion "1"]
[SourceVersionDate "2016.10.25"]
[SourceQuality "1"]

1. d4 f5 2. Nf3 e6 3. e3 Nf6 4. Bd3 b6 5. b3 Bb7 6. Bb2 Be7 7. Nbd2 0-0 8. 0-0 d6 9. c4 Nbd7 10. Ng5 Qe8 11. Nxe6 Qg6 12. Nf4 Qg5 13. Nf3 Qh6 14. Bxf5 c5 15. d5 Ne5 16. Nxe5 dxe5 17. Bxe5 Nh5 18. Be6+ Kh8 19. Nxh5 Qxh5 1-0

[Event "BCF-ch Week2 PM op"]
[Site "Aberystwyth"]
[Date "2014.07.28"]
[Round "1"]
[White "Freeland, Alex"]
[Black "Dalton, Joseph"]
[Result "0-1"]
[WhiteElo "1800"]
[BlackElo "1617"]
[PlyCount "68"]
[EventDate "2014.07.28"]
[EventType "swiss"]
[EventRounds "5"]
[EventCountry "WLS"]
[SourceTitle "EXT 2017"]
[Source "ChessBase"]
[SourceDate "2016.10.25"]
[SourceVersion "1"]
[SourceVersionDate "2016.10.25"]
[SourceQuality "1"]

1. e4 g6 2. d4 Bg7 3. Nc3 c5 4. dxc5 Bxc3+ 5. bxc3 Nf6 6. e5 Ne4 7. Qd4 Qa5 8. Qxe4 Qxc3+ 9. Kd1 Qxa1 10. Bc4 Nc6 11. Nf3 b6 12. Qd5 0-0 13. Ke2 Bb7 14. Bd3 Na5 15. Qxd7 Bxf3+ 16. gxf3 Qxe5+ 17. Be3 bxc5 18. h4 Qd6 19. Qb5 Qb6 20. Qd7 Nc6 21. h5 Ne5 22. Qxe7 Nxd3 23. cxd3 Qb2+ 24. Kf1 Qb1+ 25. Kg2 Qxd3 26. Bh6 Rfe8 27. Qxc5 Re6 28. Rh3 Qd6 29. Qa5 Qe5 30. Qb4 gxh5 31. Rg3+ Rg6 32. Qb7 Rxg3+ 33. fxg3 Rb8 34. Qe4 Qf6 0-1